| 000 | 01202nam a22001937a 4500 | ||
|---|---|---|---|
| 003 | JO-AjAnu | ||
| 005 | 20260419073609.0 | ||
| 008 | 260419b jo ||||| |||| 00| 0 ara d | ||
| 040 |
_aanu _cJO-AjAnu |
||
| 041 | _hara | ||
| 100 |
_aالعمري، ديمه حسين منصور _eمعد _966945 |
||
| 245 |
_aمستوى معرفة وتطبيق المعلم المساند للاختبارات التشخيصية الرسمية في تشخيص الطلبة ذوي صعوبات التعلم في المدارس = The Level of knowledge and Application of Support Teachers Regarding Formal Diagnosing Assessments in Identifying Students with Learning Disabilities in Schools _c / ديمه حسين منصور العمري؛ اشراف منجد محمد نجادات |
||
| 260 |
_aعجلون: _bجامعة عجلون الوطنية؛ _c2026 |
||
| 300 | _a96 ورقة | ||
| 500 | _aرساة جامعية (رسالة ماجستير في التربية الخاصة - كلية العلوم التربوية) جامعة عحلون الوطنية؛ 2026 | ||
| 650 | _vصعوبات التعلم-طلبة المدارس | ||
| 700 |
_aنجادات، منجد محمد _eمشرف _966946 |
||
| 942 |
_2lcc _cTHS _n0 |
||
| 999 |
_c34175 _d34175 |
||